Villes de plus de 10 millions d'habitants - Mort subite - Statistiques

Statistiques générales
  • Ce quiz a été pris 1 218 fois
  • Le résultat moyen est 6 sur 23
Answers on the Grid
Answers color-coded by a green-red scale on the quiz's grid according to % correct below.
Tokyo
Shanghai
Mexico
São Paulo
Le Caire
Dacca
Osaka
Karachi
Buenos Aires
Manille
Tianjin
Los Angeles
Moscou
Lahore
Bogota
Paris
Jakarta
Hong Kong
Luanda
Islamabad
Sydney
Singapour
Washington
Londres
Berlin
Madrid
Rome
Alexandrie
New York
Barcelone
Saint-Pétersbourg
Brazzaville
Kinshasa
Khartoum
Istanbul
Bagdad
Bangalore
Riyad
Dubaï
Lima
 
Statistiques - réponses
Réponse % Correct
New York
50%
Tokyo
48%
Shanghai
38%
Mexico
36%
Paris
36%
Los Angeles
35%
Londres
34%
São Paulo
30%
Le Caire
29%
Moscou
28%
Istanbul
25%
Jakarta
25%
Manille
24%
Dacca
19%
Kinshasa
19%
Buenos Aires
18%
Osaka
15%
Karachi
13%
Bangalore
10%
Lima
10%
Bogota
8%
Lahore
8%
Tianjin
7%
Aucun quiz correspondant
Distribution des résultats
% des personnes avec chaque résultat
Percentile par nombre de réponses
Votre historique - résultats
Vous n’avez pas pris ce quiz